Torah Books - Statistics

General Stats
  • This quiz has been taken 359 times
  • The average score is 6 of 10
Answer Stats
Hint Answer % Correct
Book 1 (English) Genesis
94%
Book 2 (English) Exodus
90%
Book 4 (English) Numbers
84%
Book 3 (English) Leviticus
81%
Book 5 (English) Deuteronomy
79%
Book 1 (Hebrew) Bereshit
35%
Book 5 (Hebrew) Devarim
28%
Book 2 (Hebrew) Shemot
27%
Book 3 (Hebrew) Vayikra
26%
Book 4 (Hebrew) Bamidbar
25%
No matching quizzes found
Score Distribution
Percent of People with Each Score
Percentile by Number Answered
Your Score History
You have not taken this quiz